000 00500nam a2200193Ia 4500
003 GCL
008 140319s9999 xx 000 0 ara d
040 _aGCL /
_cGCL
082 0 4 _a848
_bب ز
100 1 _aانور لوقا
245 1 0 _aالزحف الطويل /
_cانور لوقا
700 1 _aمحمد كمال فايد
700 1 _aدى بفوار، سيمون
300 _a368 ص
490 _a
650 0 4 _aالادب الفرنسى
650 0 4 _aالدباغة
942 _2ddc
_cBK
999 _c44541
_d44541